The excavation of Tell Beit Mirsim in Palestina : (Joint expedition of the Pittsburgh-Xenia Theological seminary and the American school of Oriental research in Jerusalem).
Main Author:
Format: Book
Language: English
Published:
New Haven :
American Schools of Oriental Research,
1932-1943.
Series:
Annual of the American Schools of Oriental Research ;
12, 17, 21-22.
AASOR ;
12, 17, 21-22.
Subjects:
Tags: Add Tag
Call Number: DS101 .A45 v.12, 17, 21-22
| LEADER | 01299namaa2200301 4500 | ||
|---|---|---|---|
| 001 | 22660 | ||
| 003 | OSt | ||
| 005 | 20260513060401.0 | ||
| 008 | 130303m19321943ctu g 000 0 eng d | ||
| 040 | |c ARCE Library | ||
| 043 | |a aw----- | ||
| 050 | 4 | |a DS101 |b .A45 v.12, 17, 21-22 | |
| 100 | 1 | |a Albright, William Foxwell, |d 1891-1971, |e author | |
| 245 | 1 | 4 | |a The excavation of Tell Beit Mirsim in Palestina : |b (Joint expedition of the Pittsburgh-Xenia Theological seminary and the American school of Oriental research in Jerusalem). |h |
| 264 | 1 | |a New Haven : |b American Schools of Oriental Research, |c 1932-1943. | |
| 300 | |a volumes ; |c 24 cm. | ||
| 490 | 1 | |a Annual of the American Schools of Oriental Research ; |v 12, 17, 21-22. | |
| 490 | 1 | |a AASOR ; |v 12, 17, 21-22. | |
| 505 | 0 | |a •v. 1. The pottery of the first three campaigns. •v. 1a. The bronze age pottery of the fourth campaign. •v. 2. The bronze age. •v. 3. The iron age. | |
| 650 | 0 | |a Excavations (Archaeology) |z Palestine. | |
| 650 | 0 | |a Pottery |z Palestine. | |
| 651 | 0 | |a Tell Beit Mirsim (Jordan). | |
| 651 | 0 | |a Palestine |x Antiquities. | |
| 830 | 0 | |a Annual of the American Schools of Oriental Research ; |v 12, 17, 21-22. | |
| 830 | 0 | |a AASOR ; |v 12, 17, 21-22. | |
| 901 | |a reviewed | ||
| 942 | |c BK |2 lcc | ||
| 999 | |c 22419 |d 22419 | ||
